Aj Auxerre - Tous les joueurs de 2010 à 2025 - Statistiques

Statistiques générales
  • Ce quiz a été pris 72 fois
  • Le résultat moyen est 50 sur 208
Statistiques - réponses
Saisons Nationalité Joueur Nombre
De Matchs
Poste % Correct
2011 - 20152020 - Guyane Fr DonovanLéon 223 G
89%
2020 - Mali LassineSinayoko 143 A
83%
2020 - 2024 France GautierHein 152 A
77%
2021 - 2025 France GaetanPerrin 155 A
74%
2006 - 2012 BurkinaFaso AlainTraoré 65 M
71%
2016 - 2017 France BabaTraoré 24 D
71%
2024 - 2025 CoteD'Ivoire Hamed JuniorTraoré 26 M
71%
2016 - 2023 Mali BiramaTouré 230 M
69%
2022 - 2023 France IsaakTouré 20 D
69%
2020 - 2025 Brésil Jubal 180 D
66%
2022 - Ghana ElishaOwusu 64 M
63%
2017 - 2020 Mauritanie AbdoulBa 37 D
60%
2015 - 2017 Mauritanie AdamaBa 59 M
60%
2011 - 2012 France EdouardCissé 31 M
60%
2022 - Ghana GideonMensah 83 D
60%
2024 - 2025 France YoannCissé 2 M
60%
2022 - France KevinDanois 36 M
54%
2008 - 2014 Mali AdamaCoulibaly 197 D
51%
2006 - 2011 France BenoitPedretti 186 M
51%
2017 - 2022 Haiti CarlenArcus 161 D
51%
2024 - CoteD'Ivoire LassoCoulibaly 3 A
51%
2021 - 2022 France GaetanCharbonnier 42 A
49%
2021 - 2025 France PaulJoly 85 D
49%
2021 - Martinique ThéoDe Percin 8 G
49%
2015 - 20182019 - 2020 France ZacharieBoucher 126 G
49%
2015 - 20182023 - 2025 France FlorianAyé 123 A
46%
2017 - 2023 Maroc HamzaSakhi 181 M
46%
2023 - 2025 Japon AdoOnaiwu 69 A
43%
2023 - CoteD'Ivoire ClémentAkpa 58 D
43%
2007 - 2013 Kenya DennisOliech 200 A
43%
2006 - 2011 Pologne IreneuszJelen 164 A
43%
2020 - 2023 France MathiasAutret 100 M
43%
2006 - 2014 France OlivierSorin 227 G
43%
2022 - 2023 Roumanie IonutRadu 17 G
40%
2012 - 2015 CoteD'Ivoire SébastienHaller 57 A
40%
2024 - CoteD'Ivoire SinalyDiomande 24 D
40%
2002 - 2012 Suisse StéphaneGrichting 313 D
40%
2023 - Sénégal AssaneDioussé 55 M
37%
2024 - 2025 Canada TheoBair 32 A
37%
2024 - Norvège FredrikOppegard 9 D
34%
2019 - 2021 France MickaelLe Bihan 55 A
34%
2021 - 2024 Guinée OusmaneCamara 16 A
34%
2019 - 2021 France OusoumaneCamara 7 M
34%
2019 - 2023 France QuentinBernard 110 D
34%
2022 - 2025 Madagascar RayanRaveloson 86 M
34%
2018 - 2023 France RémyDugimont 137 A
34%
2014 - 2016 France SébastienPuygrenier 85 D
34%
2022 - 2023 Algérie AkimZedadka 22 D
31%
2023 - 2024 France ColinDagba 18 D
31%
2024 - 2025 Nigéria GabrielOsho 23 D
31%
2015 - 2017 France GaetanCourtet 84 A
31%
2024 - 2025 Pays - Bas Ki - JanaHoever 30 D
31%
2022 - 2023 Sénégal M'BayeNiang 32 A
31%
2016 - 2019 France MickaelTacalfred 101 D
31%
2022 - 2023 Cap - Vert NunoDa Costa 41 A
31%
2018 - 2022 Madagascar SonnyLaiton 10 G
31%
2021 - 2025 France ThéoPellenard 76 D
31%
2008 - 2011 Slovénie ValterBirsa 96 M
31%
2019 - 2023 France AlexandreCoeff 99 D
29%
2008 - 2013 France CédricHengbart 186 D
29%
2008 - 2012 Congo DelvinN'Dinga 90 M
29%
2022 - 20232024 - 2025 France Han - NoahMassengo 32 M
29%
2014 - 20212022 - 2023 Madagascar Kenji - VanBoto 96 D
29%
2000 - 20072016 - 2017 France LionelMathis 243 M
29%
2016 - 2020 Guineé MohamedYattara 83 A
29%
2014 - 2017 France RubenAguilar 97 D
29%
2024 - France RudyMatondo 5 M
29%
2015 - 2016 Guinée SerhouGuirassy 16 A
29%
2022 - 2023 Comores YoussoufM'Changama 29 M
29%
2022 - 2023 France BenoitCostil 19 G
26%
2008 - 2012 Pologne DariuszDudka 127 M
26%
2020 - 2022 France GautierLloris 31 D
26%
2002 - 2011 France Jean - PascalMignot 259 D
26%
2008 - 2012 France JérémyBerthod 69 D
26%
2022 - 2023 Guinée JulianJeanvier 24 D
26%
2016 - 2018 Pologne LudovicObraniak 45 M
26%
2018 - 2020 France MathieuMichel 50 G
26%
2023 - 2025 Maroc SaadAgouzoul 17 D
26%
2010 - 2014 CoteD'Ivoire WillyBoly 115 D
26%
2020 - 2022 France AlecGeorgen 12 D
23%
2021 - 2022 France AlexisTrouillet 28 M
23%
2023 - 2024 Sénégal IssaSoumaré 17 A
23%
2007 - 2012 Maroc KamelChafni 158 M
23%
1998 - 2004 2011 - 2013 France OlivierKapo 204 M
23%
2017 - 2019 Etats - Unis QuentinWestberg 22 G
23%
2007 - 2011 France RémyRiou 52 G
23%
2010 - 2012 France AnthonyLe Tallec 62 A
20%
2014 - 2016 Mali CheickDiarra 62 A
20%
2014 - 2015 Mauritanie DiadiéDiarra 1 D
20%
2016 - 2018 CoteD'Ivoire EvanNdicka 16 D
20%
2021 - 2022 France IlyadMohamed 8 M
20%
2013 - 2015 Maroc JameilAit Ben Idir 78 M
20%
2017 - 2020 Bénin JordanAdéoti 73 M
20%
2023 - 2024 Guinée MadiouKeita 1 D
20%
2009 - 20112012 - 2013 France MaximeBourgeois 36 A
20%
2020 - 2022 Tunisie MohamedBen Fredj 11 A
20%
2021 - 2022 France NicolasMercier 4 A
20%
2010 - 2014 Cameroun Paul - GeorgesNtep 64 A
20%
2009 - 2012 Guyane Fr RoyContout 117 A
20%
2011 - 2013 France SoualihoMeité 24 M
20%
2008 - 20092010 - 2011
2012 - 2013
Martinique SteevenLangil 69 A
20%
2009 - 2012 France YayaSanogo 24 A
20%
2013 - 2014 France AlassanePléa 16 A
17%
2017 - 2020 Comores BenjaloudYoussouf 32 D
17%
2022 - 2023 France BrayanPereira 2 D
17%
2023 - 2025 Pays - Bas ErosMaddy 18 A
17%
2010 - 20112013 - 2015 France FrédéricSammaritano 91 M/A
17%
2012 - 2015 Cameroun Jean - CharlesCastelletto 60 D
17%
2022 - 2023 Maroc KaysRuiz - Atil 1 M
17%
2020 - 2021 Martnique KevinFortuné 27 A
17%
2013 - 2014 France LynelKitambala 35 A
17%
2012 - 2014 Portugal MarcoRamos 43 D
17%
2017 - 2020 France MichaelBarreto 56 M
17%
2023 - France NathanBuayi - Kiala 6 M
17%
2017 - 2019 France RomainPhilippoteaux 82 M
17%
2011 - 2014 Israel RudyHaddad 39 M
17%
2017 - 2021 Maroc YanisBegraoui 37 A
17%
2008 - 2013 Mali AmadouSidibé 41 D
14%
2014 - 2015 Sénégal AmaraBaby 32 A
14%
2023 - 2025 CoteD'Ivoire Ange LoicN'Gatta 7 D
14%
2013 - 20142019 - 2021 France AxelNgando 81 M
14%
2011 - 2012 Israel BenSahar 23 A
14%
2015 - 2018 France BrahimKonaté 77 M
14%
2012 - 2013 France CabrelMendy 1 M
14%
2018 - 2019 Argentine DanielMancini 39 A
14%
2019 - 2020 Serbie DejanSorgic 20 A
14%
2022 - 2023 France DenysBain 3 D
14%
2013 - 2018 France François - XavierFumu Tamuzo 59 A
14%
2014 - 2016 France GrégoryBerthier 48 M
14%
2012 - 2016 Gabon HenriNdong 33 D
14%
2016 - 2018 France IbrahimSangare 31 A
14%
2018 - 2020 Madagascar JeanMarcelin 25 D
14%
2007 - 2011 France JulienQuercia 70 A
14%
2013 - 2015 France JulienViale 62 A
14%
2022 - 2023 France MatthisAbline 22 A
14%
2015 - 2016 Sénégal MouhamadouDiaw 24 M
14%
2017 - 2018 Sénégal PapeSané 28 A
14%
2017 - 2018 Martinique Pierre - YvesPolomat 32 D
14%
2015 - 2016 France SalimoSylla 30 D
14%
2022 - 2023 Ecosse SirikiDembélé 12 A
14%
2016 - 2017 France StéphaneSparagna 33 D
14%
2014 - 2016 Madagascar ThomasFontaine 43 D
14%
2011 - 2014 France ThomasMonconduit 49 M
14%
2024 - France TomNegrel 1 G
14%
2016 - 2018 Sénégal YayaSané 24 D
14%
2019 - 2022 France AlyNdom 51 M
11%
2024 - 2025 CoteD'Ivoire AristideZossou 4 A
11%
2024 - 2025 France BenViadere 1 M
11%
2018 - 2019 Laos BillyKetkeophomphone 14 A
11%
2018 - 2021 France FrançoisBellugou 62 M
11%
2013 - 2016 RépubliqueCentrafricaine GeoffreyLembet 33 G
11%
2011 - 2013 Cameroun GeorgesMandjeck 46 M
11%
2013 - 2016 France GrégoireLefebvre 71 M
11%
2011 - 2012 Tunisie IssamJemaa 8 A
11%
2018 - 2019 France JulienFéret 35 M
11%
2016 - 2018 France MoussaDiallo 21 D
11%
2010 - 2014 Togo PrinceSegbefia 72 M
11%
2012 - 2013 France RaphaelCalvet 1 D
11%
2018 - 2021 France SamuelSouprayen 55 D
11%
2010 - 20112012 - 2013 France VincentAcapandié 11 D
11%
2014 - 2016 France VincentGragnic 31 M
11%
2018 - 2020 France YanisMerdji 34 A
11%
2016 - 2018 France AbdoulayeSissako 19 M
9%
2014 - 2018 France AlexandreVincent 69 M
9%
2015 - 2016 Bénin CédricHountondji 33 D
9%
2012 - 2013 France ChristopherJullien 27 D
9%
2011 - 2012 Congo ChristopherMissilou 1 M
9%
2011 - 2012 France DavidCamps 4 A
9%
2013 - 2014 France EricMarester 29 D
9%
2016 - 2017 Géorgie GiorgiJobava 1 M
9%
2015 - 2016 Sénégal IbrahimaSeck 34 M
9%
2016 - 2017 Mauritanie IssaSamba 1 D
9%
2017 - 2018 Slovénie IvanFirer 13 A
9%
2013 - 2015 Algérie KarimDjellabi 66 D
9%
2016 - 2019 France LamineFomba 40 M
9%
2014 - 2015 Guadeloupe LivioNabab 34 A
9%
2011 - 2012 Bénin OmarKossoko 22 A
9%
2010 - 2011 Congo OnangaItoua 2 D
9%
2014 - 2016 France PierreBouby 51 M
9%
2016 - 2017 France RémiFournier 23 D
9%
2014 - 2015 RépubliqueDémocratique Du Congo RemiMulumba 37 M
9%
2012 - 2014 Gabon RémyEbanega 15 D
9%
2014 - 2017 France SamedKilic 71 M
9%
2014 - 2016 Martinique SonhySefil 30 D
9%
2012 - 2013 France TerenceMakengo 21 A
9%
2013 - 2014 France ValentinJacob 1 M
9%
2012 - 2013 France WillyMaeyens 1 G
9%
2014 - 2016 Martinique XavierLenogue 2 G
9%
2014 - 2015 Belgique YanisMbombo 9 A
9%
2016 - 2017 Tunisie YoannTouzghar 13 A
9%
2011 - 2013 France CyriaqueRivieyran 29 D
6%
2012 - 2013 Argentine HugoColace 4 M
6%
2016 - 2017 RépublqieCentrafricaine KhamisDigol 3 D
6%
2016 - 2019 France LoicGoujon 58 M
6%
2017 - 2019 France NathanBizet 10 A
6%
2023 - 2024 France NeilGlossoa 1 D
6%
2012 - 2015 France NicolasGavory 14 D
6%
2013 - 2014 Suède NicolasStaerck - Weille 1 D
6%
2015 - 2019 France RomainMontiel 25 A
6%
2016 - 2017 France RomanLaspalles 2 D
6%
2019 - 2020 France Serge - PhilippeRaux Yao 1 D
6%
2013 - 2014 Burkina Faso SouleymaneSawadogo 28 A
6%
2014 - 2015 Guinée TafsirChérif 6 A
6%
2019 - 2021 Chine XiaoxuanJi 4 A
6%
2013 - 2015 France YannBoé-Kane 36 M
6%
2013 - 2014 Irak ZanaAllée 1 M
6%
2019 - 2020 France EddySilvestre 16 M
3%
2010 - 2011 CoréeDu Sud Jo - GookJeong 17 A
3%
Aucun quiz correspondant
Distribution des résultats
% des personnes avec chaque résultat
Percentile par nombre de réponses
Votre historique - résultats
Vous n’avez pas pris ce quiz